Central Library and Information Centre
Sibsagar Girls' College, Sivasagar : Assam

AN INTRODUCTION TO INDIAN PHILOSOPHY (Record no. 12207)

MARC details
000 -LEADER
fixed length control field 00517cam a2200181ua 4500
008 - FIXED-LENGTH DATA ELEMENTS--GENERAL INFORMATION
fixed length control field 171230n II |||gr||||Z||||||eng
040 ## - CATALOGING SOURCE
Original cataloging agency MAIN
041 ## - LANGUAGE CODE
-- English
082 ## - DEWEY DECIMAL CLASSIFICATION NUMBER
Classification number 100.54 CHA
245 ## - TITLE STATEMENT
Title AN INTRODUCTION TO INDIAN PHILOSOPHY
250 ## - EDITION STATEMENT
Edition statement 8TH REP.
260 ## - PUBLICATION, DISTRIBUTION, ETC.
Place of publication, distribution, etc. CALCUTTA:
Name of publisher, distributor, etc. UNIVERSITY OF CALCUTTA,
Date of publication, distribution, etc. 1984.
300 ## - PHYSICAL DESCRIPTION
Extent 437:
Dimensions 20CM.
500 ## - GENERAL NOTE
General note Donated by Jugal Agarwala, Mahadevi Pharmacy,Sibsagar on 05.12.2017
700 ## - ADDED ENTRY--PERSONAL NAME
Personal name CHATTERJEE, SATISH CHANDRA ,
Relator term AUTHOR.
942 ## - ADDED ENTRY ELEMENTS (KOHA)
Koha item type Books
Holdings
Withdrawn status Lost status Damaged status Not for loan Collection code Home library Current library Shelving location Date acquired Full call number Barcode Date last seen Copy number Price effective from Koha item type Public note
        TBSOC Central Library and Information Centre Sibsagar Girls College Central Library and Information Centre Sibsagar Girls College SOCIOLOGY BOOK RACK 11.09.1989 100.54 CHA 10465 27.02.2020 1 27.02.2020 Books V


Sibsagar Girl's College © 2020. All rights reserved.
Powered by Koha.
Maintained by Abhijit Borpuzari.